<?xml version="1.0" encoding="UTF-8"?>
<collection xmlns="http://www.loc.gov/MARC21/slim">
 <record>
  <leader>01442nam0a2200265   4500</leader>
  <controlfield tag="001">in00000004454</controlfield>
  <controlfield tag="005">20230616145742.0</controlfield>
  <datafield tag="010" ind1=" " ind2=" ">
   <subfield code="a">978-7-5046-9840-7</subfield>
   <subfield code="b">精装</subfield>
   <subfield code="d">CNY79.00</subfield>
  </datafield>
  <datafield tag="035" ind1=" " ind2=" ">
   <subfield code="a">01060247</subfield>
  </datafield>
  <datafield tag="100" ind1=" " ind2=" ">
   <subfield code="a">20230223d2023    em y0chiy50      ea</subfield>
  </datafield>
  <datafield tag="101" ind1="1" ind2=" ">
   <subfield code="a">chi</subfield>
   <subfield code="c">eng</subfield>
  </datafield>
  <datafield tag="102" ind1=" " ind2=" ">
   <subfield code="a">CN</subfield>
   <subfield code="b">110000</subfield>
  </datafield>
  <datafield tag="105" ind1=" " ind2=" ">
   <subfield code="a">y   z   000yy</subfield>
  </datafield>
  <datafield tag="106" ind1=" " ind2=" ">
   <subfield code="a">r</subfield>
  </datafield>
  <datafield tag="200" ind1="1" ind2=" ">
   <subfield code="a">被遗忘的城市</subfield>
   <subfield code="9">bei yi wang de cheng shi</subfield>
   <subfield code="d">The forgotten city rethinking digital living for our people and the planet</subfield>
   <subfield code="f">(英)菲尔·阿尔门丁格尔(Phil Allmendinger)著</subfield>
   <subfield code="g">张玉亮,单娜娜译</subfield>
   <subfield code="z">eng</subfield>
  </datafield>
  <datafield tag="210" ind1=" " ind2=" ">
   <subfield code="a">北京</subfield>
   <subfield code="c">中国科学技术出版社</subfield>
   <subfield code="d">2023</subfield>
  </datafield>
  <datafield tag="215" ind1=" " ind2=" ">
   <subfield code="a">310页</subfield>
   <subfield code="d">21cm</subfield>
  </datafield>
  <datafield tag="330" ind1=" " ind2=" ">
   <subfield code="a">本书对智能化在城市中扮演的角色以及与城市发展的关系进行了讨论,考察了社交媒体、平台经济和人工智能可能对人类及城市生活带来的危险和影响,呼吁城市是人们共同的家园,在积极发展智能化的过程中,人们也要对此有所反思,通过正确地借力数字技术,推动城市向健康的方向发展,拯救地球。</subfield>
  </datafield>
  <datafield tag="510" ind1="1" ind2=" ">
   <subfield code="a">Forgotten city rethinking digital living for our people and the planet</subfield>
   <subfield code="z">eng</subfield>
  </datafield>
  <datafield tag="606" ind1="0" ind2=" ">
   <subfield code="a">城市学</subfield>
  </datafield>
  <datafield tag="690" ind1=" " ind2=" ">
   <subfield code="a">C912.81</subfield>
   <subfield code="v">5</subfield>
  </datafield>
  <datafield tag="701" ind1=" " ind2="0">
   <subfield code="c">(英)</subfield>
   <subfield code="a">阿尔门丁格尔</subfield>
   <subfield code="9">a er men ding ge er</subfield>
   <subfield code="c">(Allmendinger, Phil)</subfield>
   <subfield code="4">著</subfield>
  </datafield>
  <datafield tag="702" ind1=" " ind2="0">
   <subfield code="a">张玉亮</subfield>
   <subfield code="9">zhang yu liang</subfield>
   <subfield code="4">译</subfield>
  </datafield>
  <datafield tag="702" ind1=" " ind2="0">
   <subfield code="a">单娜娜</subfield>
   <subfield code="9">shan nuo nuo</subfield>
   <subfield code="4">译</subfield>
  </datafield>
  <datafield tag="999" ind1="f" ind2="f">
   <subfield code="s">0f41a99b-243e-454c-a6f8-742a1a50828a</subfield>
   <subfield code="i">e369beef-5dbe-4936-943e-8cf9ae75f073</subfield>
  </datafield>
 </record>
</collection>
